| 000 | 00534cam a2200181 4500 | ||
|---|---|---|---|
| 001 | X128869 | ||
| 008 | 050222n1899 000 0 eng u | ||
| 035 | _a(Sirsi) u128869 | ||
| 245 | 4 | _aThe Surveyors' Institution buildings | |
| 260 | _c1899 | ||
| 490 | _aBuilder | ||
| 520 | _aDiscusses the newly completed 12 Great George Street, describing the principle rooms. Includes a plan of the ground floor. | ||
| 590 | _aGGS | ||
| 650 | _a12 GREAT GEORGE STREET | ||
| 650 | _aALFRED WATERHOUSE | ||
| 690 | _aRICS NEWS | ||
| 942 | _n0 | ||
| 999 |
_c74832 _d74832 |
||